000 00496nam a22001697a 4500
003 OSt
005 20220107122823.0
008 161222b xxu||||| |||| 00| 0 eng d
040 _cIIITMK
100 _aDeepak Kumar Sahu (93615003)
_911108
245 _aA machine learning approach to detect malware using system calls
300 _aCSIS - Mini 3rd sem
502 _bCSIS
_c2015-17
_dINT
_eMeraj Uddin
650 _aMACHINE LEARNING
_911109
650 _aMALWARE DETECTION
_911110
942 _2ddc
_cPR
999 _c5508
_d5508